| 000 -LEADER | |
|---|---|
| fixed length control field | 00319nam a22001337a 4500 |
| 020 ## - INTERNATIONAL STANDARD BOOK NUMBER | |
| ISBN | 99645629 |
| 050 ## - LIBRARY OF CONGRESS CALL NUMBER | |
| Classification number | BV 4014 |
| 100 ## - MAIN ENTRY--AUTHOR NAME | |
| Personal name | OWUSU- ANSAH, Kwame and Bea |
| 245 ## - TITLE STATEMENT | |
| Title | Genuine or counter feit pastor / prophet |
| 260 ## - PUBLICATION, DISTRIBUTION, ETC. (IMPRINT) | |
| Place of publication | London |
| Name of publisher | Greathine Publication |
| Year of publication | 1999 |
| 300 ## - PHYSICAL DESCRIPTION | |
| Number of Pages | 99p.; |
| 942 ## - ADDED ENTRY ELEMENTS (KOHA) | |
| Koha item type | Books |
| 988 ## - PAGINATION/EXTENT | |
| PAGINATION/EXTENT | 99p.; |
| Koha item type | Collection code | Accession Number | Permanent Location | Current Location | Date acquired | Full call number |
|---|---|---|---|---|---|---|
| Books | Reference | 2797 | Chapman Library | Chapman Library | 2017-02-13 | BV 4014 owu |

